[Event "Oberliga Ost-A 0910"]
[Site "Germany"]
[Date "2009.11.29"]
[Round "4.5"]
[White "Thiele, Jan"]
[Black "Guenther, Christian1111"]
[Result "1/2-1/2"]
[WhiteElo "2038"]
[BlackElo "2117"]
[PlyCount "35"]
[EventDate "2009.10.18"]
[EventType "team-tourn"]
[EventRounds "11"]
[EventCountry "GER"]
[SourceTitle "EXT 2011"]
[Source "ChessBase"]
[SourceDate "2010.11.26"]
[SourceVersion "1"]
[SourceVersionDate "2010.11.26"]
[SourceQuality "1"]
[WhiteTeam "Magdeburg USC"]
[BlackTeam "Sangerhausen"]
[WhiteTeamCountry "GER"]
[BlackTeamCountry "GER"]

1. e4 g6 2. d4 Bg7 3. Nc3 d6 4. Be3 Nf6 5. f3 Nbd7 6. Qd2 c6 7. Nge2 Qc7 8. Bh6 Bxh6 9. Qxh6 b5 10. g4 b4 11. Nd1 Ba6 12. Ng3 Bxf1 13. Rxf1 0-0-0 14. c3 Qb6 15. Rf2 e5 16. Qe3 Rhe8 17. Kf1 exd4 18. Qxd4 1/2-1/2

[Event "Oberliga Ost-A 0910"]
[Site "Germany"]
[Date "2009.11.28"]
[Round "5.6"]
[White "Claus, Thomas"]
[Black "Thiele, Jan"]
[Result "1-0"]
[WhiteElo "2069"]
[BlackElo "2038"]
[PlyCount "85"]
[EventDate "2009.10.18"]
[EventType "team-tourn"]
[EventRounds "11"]
[EventCountry "GER"]
[SourceTitle "EXT 2011"]
[Source "ChessBase"]
[SourceDate "2010.11.26"]
[SourceVersion "1"]
[SourceVersionDate "2010.11.26"]
[SourceQuality "1"]
[WhiteTeam "Leipzig VfB"]
[BlackTeam "Magdeburg USC"]
[WhiteTeamCountry "GER"]
[BlackTeamCountry "GER"]

1. d4 d5 2. c4 Nc6 3. Nc3 Nf6 4. cxd5 Nxd5 5. e4 Nxc3 6. bxc3 e5 7. d5 Ne7 8. Nf3 Ng6 9. Bb5+ Bd7 10. Qb3 Rb8 11. 0-0 Bc5 12. Ba3 Bxa3 13. Bxd7+ Qxd7 14. Qxa3 a6 15. c4 f6 16. Rfd1 Kf7 17. c5 Rhd8 18. Rd2 Qg4 19. Qb3 Kf8 20. Qb4 Nf4 21. Ne1 Ke8 22. h3 Nxh3+ 23. Kf1 Nf4 24. Rad1 Qh5 25. Kg1 Ne2+ 26. Kf1 Nd4 27. Kg1 Kf7 28. Qc4 Kf8 29. Qb4 Kg8 30. Qc4 Qf7 31. Nc2 Nxc2 32. Qxc2 b6 33. Qa4 Ra8 34. cxb6 cxb6 35. Rc2 Qb7 36. Rdc1 Rd7 37. Rc6 Kf7 38. Rxb6 Qxb6 39. Qxd7+ Kg6 40. Rc3 Qb1+ 41. Kh2 Qxe4 42. Rg3+ Kh5 43. Qxg7 1-0

[Event "Berlin Kreuzberg op"]
[Site "Berlin"]
[Date "2007.07.20"]
[Round "2"]
[White "Thiele, Jan"]
[Black "Albrecht, Rainer"]
[Result "1/2-1/2"]
[WhiteElo "2019"]
[BlackElo "2189"]
[PlyCount "84"]
[EventDate "2007.07.20"]
[EventType "swiss"]
[EventRounds "9"]
[EventCountry "GER"]
[SourceTitle "EXT 2008"]
[Source "ChessBase"]
[SourceDate "2007.11.25"]
[SourceVersion "1"]
[SourceVersionDate "2007.11.25"]
[SourceQuality "1"]

1. e4 e6 2. d4 d5 3. e5 c5 4. c3 Bd7 5. Nf3 a6 6. Bd3 Bb5 7. 0-0 Bxd3 8. Qxd3 Nd7 9. a3 c4 10. Qc2 Ne7 11. Nh4 Ng6 12. Nxg6 hxg6 13. Nd2 b5 14. Nf3 Be7 15. Bd2 0-0 16. Ne1 Qb6 17. f4 a5 18. Nf3 b4 19. Rfb1 Rab8 20. g4 Rb7 21. f5 gxf5 22. gxf5 exf5 23. Qxf5 Qe6 24. Qh5 Qg6+ 25. Qxg6 fxg6 26. Kg2 bxa3 27. bxa3 Rfb8 28. Rc1 a4 29. Bg5 Nf8 30. Bxe7 Rxe7 31. Rab1 Rb3 32. Rxb3 axb3 33. Nd2 Ne6 34. Kf3 Ra7 35. Ra1 Ra4 36. Kg4 Kf7 37. Nb1 Nc7 38. Kg5 Ne6+ 39. Kg4 Ke7 40. h4 Nc7 41. Kg5 Kf7 42. Nd2 Ne6+ 1/2-1/2

[Event "Berlin Kreuzberg op"]
[Site "Berlin"]
[Date "2007.07.20"]
[Round "7"]
[White "Thiele, Jan"]
[Black "Schlemermeyer, Wilhelm"]
[Result "0-1"]
[WhiteElo "2019"]
[BlackElo "2324"]
[PlyCount "54"]
[EventDate "2007.07.20"]
[EventType "swiss"]
[EventRounds "9"]
[EventCountry "GER"]
[SourceTitle "EXT 2008"]
[Source "ChessBase"]
[SourceDate "2007.11.25"]
[SourceVersion "1"]
[SourceVersionDate "2007.11.25"]
[SourceQuality "1"]

1. e4 e5 2. Nf3 Nc6 3. Bc4 Bc5 4. b4 Bxb4 5. c3 Ba5 6. d4 exd4 7. Qb3 Qe7 8. 0-0 Bb6 9. cxd4 Nxd4 10. Nxd4 Bxd4 11. Nc3 Nf6 12. Nb5 Bxa1 13. Nxc7+ Kf8 14. Nxa8 Be5 15. f4 Bd4+ 16. Kh1 Nxe4 17. Nc7 h5 18. Nd5 h4 19. h3 Ng3+ 20. Qxg3 hxg3 21. Nxe7 Kxe7 22. Rd1 Bc5 23. Rd5 d6 24. Rg5 Bf2 25. f5 Bd7 26. Rxg7 Rxh3+ 27. gxh3 Bc6+ 0-1